00000000nam 2200000zi 4500
0019.921041
003CaOODSP
00520241127152844
006m     o  d f      
007cr |n|||||||||
008230123e198806##nscb    ob   f|0| 0 eng d
040 |aCaOODSP|beng|erda|cCaOODSP
041 |aeng|beng|bfre
043 |an-cnm
0861 |aEn37-604/1988E-PDF
1001 |aDeveau, Jean-Guy, |eauthor.
24510|aAtlantic Region Sediment Action Plan : |bthe next three years and beyond ... / |cby: Jean-Guy Deveau.
264 1|a[Dartmouth, Nova Scotia] : |bEnvironment Canada, Conservation and Protection = Environnement Canada, Conservation et Protection, |cJune 1988.
300 |a1 online resource (1 volume (various pagings)) : |bmaps
336 |atext|btxt|2rdacontent
337 |acomputer|bc|2rdamedia
338 |aonline resource|bcr|2rdacarrier
500 |aDigitized edition from print [produced by Environment and Climate Change Canada].
500 |a"Atlantic Region."
500 |a"IWD - AR - WRB - 88 - 144."
504 |aIncludes bibliographical references (page A25).
546 |aIncludes abstract in French.
650 0|aSedimentation and deposition|xResearch|zAtlantic Provinces.
650 0|aSédimentation (Géologie)|xRecherche|zProvinces de l'Atlantique.
7101 |aCanada. |bEnvironment Canada. |bConservation and Protection, |eissuing body.
85640|qPDF|s1.62 MB|uhttps://publications.gc.ca/collections/collection_2024/eccc/En37-604-1988-eng.pdf